000 00527nam a2200217Ia 4500
003 GCL
008 140319s9999 xx 000 0 eng d
040 _aGCL /
_cGCL
082 0 4 _a747.3
_bS W
100 1 _aSUNSET BOOKS
245 1 0 _aWALL SYSTEMS AND SHELVING /
_cSUNSET BOOKS
260 _a[S.N] :
_bSUNSET PUBLISHING COPERATION ،
_c1994
300 _a96 P
490 _aSUNSET
_v0
650 0 4 _aHOME SHELVING
650 0 4 _aARTS
650 0 4 _aDECORATION
650 0 4 _aSHELVING
650 0 4 _aWALL
942 _2ddc
_cBK
999 _c14060
_d14060